Справочное пособие по математическому анализу : (Record no. 62615)
[ view plain ]
| 000 -LEADER | |
|---|---|
| fixed length control field | 01047nam a2200229 a 4500 |
| 001 - CONTROL NUMBER | |
| control field | 000181733 |
| 003 - CONTROL NUMBER IDENTIFIER | |
| control field | AM-YeHGA |
| 005 - DATE AND TIME OF LATEST TRANSACTION | |
| control field | 20250617123629.0 |
| 008 - FIXED-LENGTH DATA ELEMENTS--GENERAL INFORMATION | |
| fixed length control field | 950720s1986 un ||||gr|||||||||0|rus|d |
| 040 ## - CATALOGING SOURCE | |
| Original cataloging agency | AM-YeHGA |
| 041 0# - LANGUAGE CODE | |
| Language code of text/sound track or separate title | rus |
| 090 ## - LOCALLY ASSIGNED LC-TYPE CALL NUMBER (OCLC); LOCAL CALL NUMBER (RLIN) | |
| -- | 63695 |
| 245 00 - TITLE STATEMENT | |
| Title | Справочное пособие по математическому анализу : |
| Remainder of title | Ряды, функции векторного аргумента, кратные и криволинейные интегралы / |
| Statement of responsibility, etc. | И.И. Ляшко, А.К. Боярчук, Я.Г. Гай, Г.П. Головач. |
| 250 ## - EDITION STATEMENT | |
| Edition statement | 2-е изд., перераб. и доп. |
| 260 ## - PUBLICATION, DISTRIBUTION, ETC. | |
| Place of publication, distribution, etc. | Киев : |
| Name of publisher, distributor, etc. | Вища школа, |
| Date of publication, distribution, etc. | 1986. |
| 300 ## - PHYSICAL DESCRIPTION | |
| Extent | 565,[2] с. : |
| Other physical details | ил. ; |
| Dimensions | 22 см. |
| -- | . |
| 650 14 - SUBJECT ADDED ENTRY--TOPICAL TERM | |
| Topical term or geographic name entry element | Математический анализ - Справочники |
| 650 14 - SUBJECT ADDED ENTRY--TOPICAL TERM | |
| Topical term or geographic name entry element | Справочники - Математический анализ |
| 700 1# - ADDED ENTRY--PERSONAL NAME | |
| Personal name | Боярчук, Алексей Климентьевич |
| 700 1# - ADDED ENTRY--PERSONAL NAME | |
| Personal name | Гай, Яков Гаврилович |
| 942 ## - ADDED ENTRY ELEMENTS (KOHA) | |
| Source of classification or shelving scheme | Universal Decimal Classification |
| Koha item type | Գրքեր / Books |
| Withdrawn status | Lost status | Source of classification or shelving scheme | Damaged status | Not for loan | Collection | Home library | Current library | Date acquired | Total checkouts | Full call number | Barcode | Date last seen | Price effective from | Koha item type | Public note | Cost, replacement price |
|---|---|---|---|---|---|---|---|---|---|---|---|---|---|---|---|---|
| Universal Decimal Classification | General | Fundamental Scientific Library | Fundamental Scientific Library | 22/12/2016 | PII/559933 | FL0124669 | 22/12/2016 | 22/12/2016 | Գրքեր / Books | 30 Days Loan | ||||||
| Universal Decimal Classification | General | Fundamental Scientific Library | Fundamental Scientific Library | 22/12/2016 | PII/567060 | FL0112899 | 22/12/2016 | 22/12/2016 | Գրքեր / Books | 30 Days Loan | 3000.00 |
ՀՀ Գիտությունների ազգային ակադեմիայի հիմնարար գիտական գրադարան = Fundamental Scientific Library of NAS RA
All site content, except where otherwise noted, is licensed under a